Designing the sustainable site : (Record no. 7749)

000 -LEADER
fixed length control field 00906cam a22002414a 4500
003 - CONTROL NUMBER IDENTIFIER
control field OSt
005 - DATE AND TIME OF LATEST TRANSACTION
control field 20200518142905.0
008 - FIXED-LENGTH DATA ELEMENTS--GENERAL INFORMATION
fixed length control field 110808s2012 njua b 001 0 eng
010 ## - LIBRARY OF CONGRESS CONTROL NUMBER
LC control number 2011033592
016 7# - NATIONAL BIBLIOGRAPHIC AGENCY CONTROL NUMBER
Record control number 015986129
Source Uk
020 ## - INTERNATIONAL STANDARD BOOK NUMBER
International Standard Book Number 9780470900093 (pbk.)
082 00 - DEWEY DECIMAL CLASSIFICATION NUMBER
Classification number 720.28VEN
Edition number 23
100 1# - MAIN ENTRY--PERSONAL NAME
Personal name Venhaus, Heather.
245 10 - TITLE STATEMENT
Title Designing the sustainable site :
Remainder of title integrated design strategies for small-scale sites and residential landscapes /
Statement of responsibility, etc Heather Venhaus.
246 30 - VARYING FORM OF TITLE
Title proper/short title Integrated design strategies for small-scale sites and residential landscapes
260 ## - PUBLICATION, DISTRIBUTION, ETC. (IMPRINT)
Place of publication, distribution, etc Hoboken, N.J. :
Name of publisher, distributor, etc John Wiley & Sons,
Date of publication, distribution, etc c2012.
300 ## - PHYSICAL DESCRIPTION
Extent xi, 235 p. :
Other physical details col. ill. ;
Dimensions 28 cm.
504 ## - BIBLIOGRAPHY, ETC. NOTE
Bibliography, etc Includes bibliographical references and index.
650 #0 - SUBJECT ADDED ENTRY--TOPICAL TERM
Topical term or geographic name as entry element Homesites
General subdivision Planning
Form subdivision Case studies.
650 #0 - SUBJECT ADDED ENTRY--TOPICAL TERM
Topical term or geographic name as entry element Sustainable design
Form subdivision Case studies.
650 #0 - SUBJECT ADDED ENTRY--TOPICAL TERM
Topical term or geographic name as entry element Ecological landscape design
Form subdivision Case studies.
942 ## - ADDED ENTRY ELEMENTS (KOHA)
Source of classification or shelving scheme
Holdings
Withdrawn status Lost status Source of classification or shelving scheme Damaged status Koha normalized classification for sorting Not for loan Permanent location Current location Date acquired Full call number Barcode Date last seen Price effective from Koha item type
        720_000000000000000_28VEN   BMS College of Architecture, Design and Planning BMS College of Architecture, Design and Planning 2020-05-18 720.28VEN ar-ug1415 2020-05-18 2020-05-18 UG Books
        720_000000000000000_28VEN   BMS College of Architecture, Design and Planning BMS College of Architecture, Design and Planning 2021-07-02 720.28VEN AR-PG455 2025-12-05 2021-07-02 PG Books
Copyright © 2025, The Librarian, Library and Information Centre, BMSCA D&P, Bengaluru. All Rights Reserved
web counter

Powered by Koha